Normal view
MARC view
Entry Topical Term
001 - CONTROL NUMBER
- control field: 26864
003 - CONTROL NUMBER IDENTIFIER
- control field: ARRUPE
005 - DATE AND TIME OF LATEST TRANSACTION
- control field: 20161020103703.0
008 - FIXED-LENGTH DATA ELEMENTS
- fixed length control field: 161020|| aca||aabn | a|a d
040 ## - CATALOGING SOURCE
- Original cataloging agency: ARRUPE
- Transcribing agency: ARRUPE
150 ## - HEADING--TOPICAL TERM
- Topical term or geographic name as entry element: Angola
- General subdivision: Economic conditions
- Chronological subdivision: 1975
670 ## - SOURCE DATA FOUND
- Source citation: Work cat.: (ARRUPE): Kaure,Alexactus T. 23045, Angola:from socialism to liberal reforms, 1999